Arrondissements d'Île-de-France – Carte Quiz - Statistiques

Statistiques générales
  • Ce quiz a été pris 34 fois
  • Le résultat moyen est 14 sur 25
Réponses sur la Carte
Les réponses sont colorées sur une échelle allant du rouge au vert en fonction du pourcentage des utilisateurs qui les ont devinées à leur premier essai. Vous pouvez retrouver ces pourcentages ci-dessous.
 
Statistiques - réponses
Réponse % Correct
Paris
96%
Nanterre
86%
Bobigny
68%
Saint-Denis
64%
Boulogne-Billancourt
61%
Versailles
61%
Évry
57%
Pontoise
57%
Provins
57%
Saint-Germain-en-Laye
57%
Antony
54%
Étampes
54%
Mantes-la-Jolie
54%
Rambouillet
54%
Torcy
54%
Argenteuil
50%
Créteil
50%
Le Raincy
50%
Palaiseau
50%
Sarcelles
50%
Fontainebleau
46%
L'Haÿ-les-Roses
46%
Meaux
46%
Nogent-sur-Marne
43%
Melun
36%
Aucun quiz correspondant
Distribution des résultats
% des personnes avec chaque résultat
Percentile par nombre de réponses
Votre historique - résultats
Vous n’avez pas pris ce quiz